Online
Catalog

Revolución empresarial / (Record no. 34989)

MARC details
000 -CABECERA
campo de control de longitud fija 00554nam a2200169 a 4500
001 - NÚMERO DE CONTROL
campo de control 000035498
005 - FECHA Y HORA DE LA ÚLTIMA TRANSACCIÓN
campo de control 20200930074404.0
008 - DATOS DE LONGITUD FIJA--INFORMACIÓN GENERAL
campo de control de longitud fija 111102s1996 mx a 000 0 spa d
020 ## - NÚMERO INTERNACIONAL ESTÁNDAR DEL LIBRO
Número Internacional Estándar del Libro 0070340676
040 ## - FUENTE DE LA CATALOGACIÓN
Centro catalogador/agencia de origen DO-SdBNP
Lengua de catalogación spa
Centro/agencia transcriptor BNPHU
082 ## - NÚMERO DE LA CLASIFICACIÓN DECIMAL DEWEY
Número de clasificación xxxx
Número de documento/Ítem xxxx
100 1# - ENTRADA PRINCIPAL--NOMBRE DE PERSONA
Nombre de persona J. Gouillart, Francis
9 (RLIN) 61381
245 10 - MENCIÓN DE TÍTULO
Título Revolución empresarial /
Mención de responsabilidad, etc. Francis J. Gouillart, Jsmes N. Kelly ; traducción Guadalupe Meza Staines.
260 ## - PUBLICACIÓN, DISTRIBUCIÓN, ETC.
Lugar de publicación, distribución, etc. México, :
Nombre del editor, distribuidor, etc. Mcgraw-hill,
Fecha de publicación, distribución, etc. 1996.
300 ## - DESCRIPCIÓN FÍSICA
Extensión 352 p. :
Otras características físicas il. ;
Dimensiones 24 cm.
700 1# - PUNTO DE ACCESO ADICIONAL--NOMBRE DE PERSONA
Nombre de persona Meza Staines, Guadalupe,
Término indicativo de función/relación tr.
9 (RLIN) 61382
Holdings
Estado de retiro Estado de pérdida Restricciones de uso No para préstamo Código de colección Localización permanente Ubicación/localización actual Ubicación en estantería Fecha de adquisición Número de inventario Total de préstamos Signatura topográfica completa Código de barras Fecha visto por última vez Precio válido a partir de Tipo de ítem Koha
      Excluido de préstamo Monografías: Libros y Folletos General General Depósito 02.11.2011 LF1   xxxx xxxx 35498-10 25.06.2020 25.06.2020 No se presta

Powered by Koha